header

Ugly feelings (Record no. 165914)

MARC details
000 -LEADER
fixed length control field 01355nam a2200349Ia 4500
100 1# - MAIN ENTRY--AUTHOR NAME
Personal name Ngai, Sianne.
245 10 - TITLE STATEMENT
Title Ugly feelings
260 ## - PUBLICATION, DISTRIBUTION, ETC. (IMPRINT)
Place of publication Cambridge, MA :
Name of publisher Harvard University Press,
Year of publication 2005.
300 ## - PHYSICAL DESCRIPTION
Number of Pages viii, 422 p. :
Other physical details ill.
650 #0 - SUBJECT ADDED ENTRY--TOPICAL TERM
Topical Term American literature
Topical Term Emotions in literature.
Topical Term Psychological fiction, American
Topical Term Negativism in literature.
Topical Term Sex role in literature.
Topical Term Race in literature.
856 40 - ELECTRONIC LOCATION AND ACCESS
Uniform Resource Identifier http://site.ebrary.com/lib/rucke/Doc?id=10314241

No items available.

© 2026 Rongo University
Contact us: librarian | system librarian | Rongo university